000 01790nam0a22003131 4500
001 rc\4646958
005 20130416201915.8
021 _aRU
_b[59-22924ж]
035 _a(NLR Aleph) 008689032
090 _a9226902
_c9226902
100 _a20130416d1959 |||y0rusy50 ca
101 0 _arus
102 _aRU
105 _aa z |||||
200 1 _aДоклады на Совещании по применению элементов бесконтактной коммутации в телефонной технике
_f[Ред. коллегия: канд. техн. наук И.Е. Голубцов (отв. ред.) и др.]
210 _aЛенинград
_cОтд. науч.-техн. информации
_d1959
215 _a130 с., 5 л. схем.
_cил.
_d24
225 1 _aМинистерство связи СССР. Научно-исследовательский институт городской и сельской телефонной связи НИИТС. Научно-технический бюллетень
_v№ 3
300 _aНа обл. только загл. серии
320 _aБиблиогр. в конце докладов
606 _aТелефонные коммутаторы
_jСборники
_2psbo
606 _aТелефонные станции, автоматические
_xКоммутация
_jСборники
_2psbo
702 1 _aГолубцов
_bИ. Е.
_gИгорь Евгеньевич
_4340
710 1 2 _aСовещание по применению элементов бесконтактной коммутации в телефонной технике
_f1958
_eЛенинград
_3RU\NLR\AUTH\8810077121
801 0 _aRU
_bNLR
_gpsbo
801 1 _aRU
_bELAR
_2rusmarc
852 _aNLR
_jП10/2104
942 _cBOOK
980 _aNB